Committee on Fisheries report of the sixth session of the Subcommittee on Fish Trade : (Record no. 14247)

000 -LEADER
fixed length control field 00651cam a2200181Ka 4500
020 ## - INTERNATIONAL STANDARD BOOK NUMBER
ISBN 9250042108
040 ## - CATALOGING SOURCE
Transcribing agency EYM
082 ## - DEWEY DECIMAL CLASSIFICATION NUMBER
Classification number 639 FAO 1998 A049 Or.
110 2# - MAIN ENTRY--CORPORATE NAME
Corporate name or jurisdiction name as entry element Food and Agriculture Organization of the United Nations.
245 10 - TITLE STATEMENT
Title Committee on Fisheries report of the sixth session of the Subcommittee on Fish Trade :
Remainder of title Bremen, Germany, 3-6 June 1998
246 30 - VARYING FORM OF TITLE
Title proper/short title Report of the sixth session of the Subcommittee on Fish Trade, Bremen, Germany, 3-6 June 1998
260 ## - PUBLICATION, DISTRIBUTION, ETC. (IMPRINT)
Place of publication Rome :
Name of publisher FAO,
Year of publication 1998
300 ## - PHYSICAL DESCRIPTION
Number of Pages x, 75 p. ;
Dimensions 30 cm
500 ## - GENERAL NOTE
General note "FIIU/R589(Tri)."
500 ## - GENERAL NOTE
General note English, French, or Spanish
650 #0 - SUBJECT ADDED ENTRY--TOPICAL TERM
Topical Term Fish trade
942 ## - ADDED ENTRY ELEMENTS (KOHA)
Koha item type សៀវភៅភាសាអង់គ្លេស
952 ## - LOCATION AND ITEM INFORMATION (KOHA)
Withdrawn status [LOCAL, KOHA] 0
Holdings
Permanent Location Date acquired Koha item type Lost status Shelving location Barcode Current Location Full call number
Library Block A2017-10-11សៀវភៅភាសាអង់គ្លេស A049A21470Library Block A639 FAO 1998 A049 Or.
មជ្ឈមណ្ឌលឯការនៃសាកលវិទ្យាល័យភូមិន្ទកសិកម្មចំការដូង

Powered by Koha